Plays for Malaysian schools : The yellow window

Bibliographic Details
Main Author: Kumara Velu
Format: Book
Published: Selangor : Sama Publications , 2004
Series:Theatre-in-education
Subjects:

MARC

LEADER 00000cam a2200000 7i4500
001 0000004855
005 20160522.0
008 070731
020 |a 9679389081(set) 
020 |a 9679389138 
090 0 0 |a JF   |b NS ENG (6036) 
100 0 |a Kumara Velu 
245 1 0 |a Plays for Malaysian schools :   |b The yellow window   |c Kumara Velu 
260 |a Selangor :   |b Sama Publications ,   |c 2004 
440 |a Theatre-in-education 
500 |a Children ages 7-9 years old (orange) 
650 0 |a Rhymes   |x Fiction 
999 |a 0000858439   |b Book   |c Children Collection   |e Cawangan Tmn. Ungku Tun Aminah 
999 |a 0000921673   |b Book   |c Children Collection   |e Cawangan Bukit Gambir 
999 |a 0000921674   |b Book   |c Children Collection   |e Cawangan Bukit Gambir 
999 |a 0000921675   |b Book   |c Children Collection   |e Cawangan Bukit Gambir 
999 |a 0000930572   |b Book   |c Children Collection   |e Cawangan Tangkak 
999 |a 0000930573   |b Book   |c Children Collection   |e Cawangan Tangkak 
999 |a 0000930574   |b Book   |c Children Collection   |e Cawangan Tangkak 
999 |a 0000977013   |b Book   |c Children Collection   |e Cawangan Taman Universiti 
999 |a 0000977014   |b Book   |c Children Collection   |e Cawangan Taman Universiti 
999 |a 0000977017   |b Book   |c Children Collection   |e Cawangan Batu Pahat